8 mots dans mots : pic (mort subite) - Statistiques

Statistiques générales
  • Ce quiz a été pris 37 fois
  • Le résultat moyen est 6 sur 8
Answers on the Grid
Answers color-coded by a green-red scale on the quiz's grid according to % correct below.
Pers---ace
Inca---ité
Saint-Sul---e
Pacif---ement
E---entral
Quatre-é---es
O---ification
S---ieusement
Sus---ieuse
Déc---actage
E---ontinental
Es---ement
A---ultrice
Dis---heur
Co---abana
Tro---aliser
 
Statistiques - réponses
Réponse % Correct
Pers---ace
97%
Tro---aliser
73%
A---ultrice
70%
Quatre-é---es
70%
Saint-Sul---e
67%
Sus---ieuse
67%
E---entral
61%
E---ontinental
48%
Aucun quiz correspondant
Distribution des résultats
% des personnes avec chaque résultat
Percentile par nombre de réponses
Votre historique - résultats
Vous n’avez pas pris ce quiz